000 00458nam a2200181Ia 4500
001 9566
003 GE_BSU
008 181216s||||||||xx |||||||||||||| ||und||
040 _cGE_BSU
245 _aВрач. №3. 2014.Март
245 _cГл.ред.Денисов И.Н.
260 _aМосква
260 _bРусский врач
260 _c2014
300 _a88стр.29см.
653 _aВрач. №2. 2014.февраль
942 _cCR
999 _c42858
_d42858